000 00525nam a22001817a 4500
003 NUST - PNEC
005 20170116180819.0
008 150612b xxu||||| |||| 00| 0 eng d
020 _a-
040 _cLIBRARY
082 _a954.81 IFH
100 _93931
_aIFH (Institute of Folk Heritage)
245 _aFolk Heritage of Pakistan Vol-1
_cInstitute of Folk Heritage
260 _aIslamabad:
_bInstitute of Folk Heritage,
300 _a218 p. :
_bill.,;
_c27 cm.
650 _93932
_aFolk Pakistan
_xGeneral
942 _2ddc
_cBK
999 _c63650
_d63650